| 000 | 00537nam a2200181 4500 | ||
|---|---|---|---|
| 001 | 140528 | ||
| 003 | ES-MaACL | ||
| 005 | 20230906200110.0 | ||
| 007 | t| | ||
| 008 | 070214s1977 sp r ||||1| spa d | ||
| 100 | 1 |
_aSearle, John. _9104990 |
|
| 245 | 1 | 3 |
_aLa revolución de Chomsky en lingüística / _cJohn Searle ; traducción de Carlos Manzano. |
| 250 | _a3ª. ed. | ||
| 260 |
_aBarcelona : _bAnagrama, _c1977. |
||
| 300 |
_a71 p. : _bil. ; _c18 cm. |
||
| 700 | 1 |
_aManzano, Carlos. _976216 |
|
| 852 |
_aES-MaACL _jA-7909 _bR.96595 |
||
| 999 |
_c140528 _d140528 |
||